000 00397nam a2200169Ia 4500
005 20250423095719.0
008 250422s9999 xx 000 0 und d
020 _a0-408-10775-8
100 _aR.N Oddy
245 0 _aInformation Retrieval Research
260 _aLondon
260 _bButterworth and co
260 _c1981
300 _a389 p
650 _aInformation Retrieval
942 _cBK
999 _c31111
_d31111